<?xml version="1.0" encoding="UTF-8"?>
<record
    xmlns:xsi="http://www.w3.org/2001/XMLSchema-instance"
    xsi:schemaLocation="http://www.loc.gov/MARC21/slim http://www.loc.gov/standards/marcxml/schema/MARC21slim.xsd"
    xmlns="http://www.loc.gov/MARC21/slim">

  <leader>01383cam a22003374i 4500</leader>
  <controlfield tag="001">.b35480853</controlfield>
  <controlfield tag="003">YEEZEN</controlfield>
  <controlfield tag="005">20240102145058.0</controlfield>
  <controlfield tag="008">210414s2020    cc a          000 0 chi d</controlfield>
  <datafield tag="020" ind1=" " ind2=" ">
    <subfield code="a">9789887946724</subfield>
    <subfield code="q">(&#x5E73;&#x88DD;)</subfield>
  </datafield>
  <datafield tag="040" ind1=" " ind2=" ">
    <subfield code="a">CKT</subfield>
    <subfield code="b">chi</subfield>
    <subfield code="c">CKT</subfield>
  </datafield>
  <datafield tag="041" ind1="1" ind2=" ">
    <subfield code="a">chi</subfield>
    <subfield code="k">eng</subfield>
    <subfield code="h">ger</subfield>
  </datafield>
  <datafield tag="042" ind1=" " ind2=" ">
    <subfield code="a">nbic</subfield>
  </datafield>
  <datafield tag="090" ind1=" " ind2=" ">
    <subfield code="a">416.616</subfield>
    <subfield code="b">4220</subfield>
  </datafield>
  <datafield tag="100" ind1="1" ind2=" ">
    <subfield code="a">&#x840A;&#x7D0D;&#x7279;-&#x65BD;&#x7F85;&#x7279;</subfield>
    <subfield code="c">(Lehnert-Schroth, Christa)</subfield>
  </datafield>
  <datafield tag="240" ind1="1" ind2="0">
    <subfield code="a">Three-dimensional treatment for scoliosis.</subfield>
    <subfield code="l">&#x4E2D;&#x6587;</subfield>
  </datafield>
  <datafield tag="245" ind1="1" ind2="0">
    <subfield code="a">&#x810A;&#x67F1;&#x5074;&#x5F4E;&#x7684;&#x4E09;&#x7DAD;&#x6CBB;&#x7642; :</subfield>
    <subfield code="b">&#x65BD;&#x7F85;&#x7279;&#x547C;&#x5438;&#x77EF;&#x5F62;&#x7CFB;&#x7D71;&#x6539;&#x5584;&#x810A;&#x67F1;&#x5074;&#x5F4E;&#x7684;&#x7269;&#x7406;&#x6CBB;&#x7642;&#x7406;&#x5FF5; /</subfield>
    <subfield code="c">&#x514B;&#x9E97;&#x65AF;&#x5854;.&#x840A;&#x7D0D;&#x7279;-&#x65BD;&#x7F85;&#x7279;(Christa Lehnert-Schroth), &#x4F69;&#x7279;&#x62C9;.&#x683C;&#x7F85;&#x5E03;(Petra Gr&#xF6;bl)&#x5408;&#x8457; ; &#x5433;&#x6F8D;&#x4EC1;, &#x912D;&#x8AFE;&#x6B23;&#x8B6F;</subfield>
  </datafield>
  <datafield tag="246" ind1="1" ind2=" ">
    <subfield code="i">&#x539F;&#x6587;&#x4E4B;&#x526F;&#x984C;&#x540D; :</subfield>
    <subfield code="a">A physiotherapeutic method for deformities of the spine.</subfield>
  </datafield>
  <datafield tag="246" ind1="1" ind2=" ">
    <subfield code="i">&#x5FB7;&#x6587;&#x984C;&#x540D; :</subfield>
    <subfield code="a">Dreidimensionale skoliosebehandlung.</subfield>
  </datafield>
  <datafield tag="250" ind1=" " ind2=" ">
    <subfield code="a">&#x7B2C;&#x4E00;&#x7248;</subfield>
  </datafield>
  <datafield tag="260" ind1=" " ind2=" ">
    <subfield code="a">[&#x9999;&#x6E2F;] :</subfield>
    <subfield code="b">&#x5321;&#x5065;&#x51FA;&#x7248;Wise Press,</subfield>
    <subfield code="c">[2020]</subfield>
  </datafield>
  <datafield tag="300" ind1=" " ind2=" ">
    <subfield code="a">195 &#x9762; :</subfield>
    <subfield code="b">&#x90E8;&#x4EFD;&#x5F69;&#x5716;, &#x8868; ;</subfield>
    <subfield code="c">27 &#x516C;&#x5206;</subfield>
  </datafield>
  <datafield tag="500" ind1=" " ind2=" ">
    <subfield code="a">&#x8B6F;&#x81EA; : Three-dimensional treatment for scoliosis : a physiotherapeutic method for deformities of the spine, 8th ed.</subfield>
  </datafield>
  <datafield tag="504" ind1=" " ind2=" ">
    <subfield code="a">&#x53C3;&#x8003;&#x66F8;&#x76EE; : &#x9762;191-195.</subfield>
  </datafield>
  <datafield tag="650" ind1=" " ind2="7">
    <subfield code="a">&#x810A;&#x67F1;&#x5074;&#x5F4E;</subfield>
    <subfield code="2">lcstt.</subfield>
  </datafield>
  <datafield tag="650" ind1=" " ind2="7">
    <subfield code="a">&#x7269;&#x7406;&#x6CBB;&#x7642;</subfield>
    <subfield code="2">lcstt.</subfield>
  </datafield>
  <datafield tag="700" ind1="1" ind2=" ">
    <subfield code="a">&#x683C;&#x7F85;&#x5E03;</subfield>
    <subfield code="c">(Gr&#xF6;bl, Petra)</subfield>
  </datafield>
  <datafield tag="700" ind1="1" ind2=" ">
    <subfield code="a">&#x5433;&#x6F8D;&#x4EC1;</subfield>
  </datafield>
  <datafield tag="700" ind1="1" ind2=" ">
    <subfield code="a">&#x912D;&#x8AFE;&#x6B23;</subfield>
  </datafield>
  <datafield tag="942" ind1=" " ind2=" ">
    <subfield code="2">ccl</subfield>
    <subfield code="c">LNTERM</subfield>
  </datafield>
  <datafield tag="999" ind1=" " ind2=" ">
    <subfield code="c">7277</subfield>
    <subfield code="d">7277</subfield>
  </datafield>
  <datafield tag="952" ind1=" " ind2=" ">
    <subfield code="0">0</subfield>
    <subfield code="1">0</subfield>
    <subfield code="2">ccl</subfield>
    <subfield code="4">0</subfield>
    <subfield code="7">0</subfield>
    <subfield code="a">yeezen</subfield>
    <subfield code="b">yeezen</subfield>
    <subfield code="c">P002</subfield>
    <subfield code="d">2022-08-10</subfield>
    <subfield code="l">12</subfield>
    <subfield code="m">4</subfield>
    <subfield code="o">416.616</subfield>
    <subfield code="p">C02859</subfield>
    <subfield code="q">2026-06-30</subfield>
    <subfield code="r">2026-01-02 00:00:00</subfield>
    <subfield code="s">2026-01-02</subfield>
    <subfield code="w">2022-08-10</subfield>
    <subfield code="y">LNTERM</subfield>
    <subfield code="z">&#x76EE;&#x9304;  &#x7B2C;&#x4E00;&#x7AE0;/&#x65BD;&#x7F85;&#x7279;&#x547C;&#x5438;&#x77EF;&#x5F62;&#x7CFB;&#x7D71;&#x7684;&#x6B77;&#x53F2;  &#x7B2C;&#x4E8C;&#x7AE0;/&#x810A;&#x67F1;&#x5074;&#x5F4E;&#x7684;&#x57FA;&#x672C;&#x77E5;&#x8B58;  &#x7B2C;&#x4E09;&#x7AE0;/&#x6839;&#x64DA;&#x65BD;&#x7F85;&#x7279;&#x7684;&#x65B9;&#x6CD5;&#x8A55;&#x4F30;&#x810A;&#x67F1;&#x5074;&#x5F4E;  &#x7B2C;&#x56DB;&#x7AE0;/&#x810A;&#x67F1;&#x5074;&#x5F4E;&#x76F8;&#x95DC;&#x7684;&#x75C5;&#x7406;&#x751F;&#x7406;&#x8B8A;&#x5316;  &#x7B2C;&#x4E94;&#x7AE0;/&#x65BD;&#x7F85;&#x7279;&#x65B9;&#x6CD5;&#x7684;&#x4E09;&#x7DAD;&#x810A;&#x67F1;&#x5074;&#x5F4E;&#x6CBB;&#x7642;  &#x7B2C;&#x516D;&#x7AE0;/&#x904B;&#x52D5;&#x7684;&#x95DC;&#x9375;&#x89C0;&#x5BDF;&#x548C;&#x8DDF;&#x9032;&#x5716;&#x7247;  &#x7B2C;&#x4E03;&#x7AE0;/&#x4E0D;&#x7576;&#x904B;&#x52D5;&#x6216;&#x4E0D;&#x826F;&#x65E5;&#x5E38;&#x59FF;&#x52E2;  &#x7B2C;&#x516B;&#x7AE0;/&#x8D77;&#x59CB;&#x4F4D;&#x7F6E;&#x8207;&#x6CBB;&#x7642;&#x8F14;&#x52A9;&#x7528;&#x5177;  &#x7B2C;&#x4E5D;&#x7AE0;/&#x529F;&#x80FD;&#x6027;&#x4F4D;&#x7F6E;&#x7684;&#x904B;&#x52D5;&#x7B56;&#x7565;&#x548C;&#x5EFA;&#x8B70;  &#x7B2C;&#x5341;&#x7AE0;/&#x500B;&#x6848;&#x7814;&#x7A76;  &#x7B2C;&#x5341;&#x4E00;&#x7AE0;/&#x6CBB;&#x7642;&#x7D50;&#x679C;&#x7D71;&#x8A08;&#x8A08;&#x50F9;  &#x7B2C;&#x5341;&#x4E8C;&#x7AE0;/&#x5361;&#x5854;&#x7433;&#x5A1C;-&#x65BD;&#x7F85;&#x7279;&#x8A3A;&#x6240;&#xFF08;&#x4F4D;&#x65BC;&#x5DF4;&#x7279;&#x7D22;&#x4F2F;&#x6069;&#x6D77;&#x59C6;&#xFF09;&#x7684;&#x4F4F;&#x9662;&#x6CBB;&#x7642;  &#x7B2C;&#x5341;&#x4E09;&#x7AE0;/&#x4EE5;&#x77EF;&#x5F62;&#x70BA;&#x4E3B;&#x7684;&#x65E5;&#x5E38;&#x751F;&#x6D3B;</subfield>
  </datafield>
</record>
